Vista normal Vista MARC

Entrada Meeting Name

Número de registros utilizados en: 1

001 - CONTROL NUMBER

  • control field: 41741

003 - CONTROL NUMBER IDENTIFIER

  • control field: OSt

005 - DATE AND TIME OF LATEST TRANSACTION

  • control field: 20211206142853.0

008 - FIXED-LENGTH DATA ELEMENTS

  • fixed length control field: 211206|| aca||aabn | a|a d

040 ## - CATALOGING SOURCE

  • Original cataloging agency: OSt
  • Transcribing agency: OSt

111 ## - HEADING--MEETING NAME

  • Meeting name or jurisdiction name as entry element: Simposio Sobre Endeudamiento Externo y Alternativas de Crecimiento Económico para América Latina y el Caribe
  • Location of meeting: Caracas)
  • Date of meeting or treaty signing: (1990

670 ## - SOURCE DATA FOUND

  • Source citation: Work cat.: (OSt)12837: Simposio Sobre Endeudamiento Externo y Alternativas de Crecimiento Económico para América Latina y el Caribe Caracas) (1990 :, Simposio Sobre Endeudamiento Externo y Alternativas de Crecimiento Económico para América Latina y el Caribe /, 1990.